000 00555nam a2200205 a 4500
001 BRCA_7077
005 20190320205714.0
008 081211s1948----u--a######---#000-0#eng-#
041 _aeng
044 _au
050 4 _aNC1429
_b.D757 1948
100 1 _aDunn, Alan
_917595
245 1 0 _aEast of Fifth
_bthe story of an apartment house
_cby Alan Dunn.
260 _aNueva York
_bSimon and Schuster
_c1948
300 _a168 p.
_bil.
_c23 cm.
500 _aO55
650 1 4 _aIngenio y humor americano
_xPictórico
_917596
902 _aGFM
942 _2lcc
_cB
999 _c6758
_d6758